Foreword
Elmentve itt :
| Szerző: | |
|---|---|
| Testületi szerző: | |
| Dokumentumtípus: | Könyv része |
| Megjelent: |
2014
|
| Sorozat: | A vallási kultúrakutatás könyvei
Politics, feasts, festivals |
| Kulcsszavak: | Ünnep - Közép-Európa - folklór - előszó, Vallásosság - 20. sz. - előszó |
| Tárgyszavak: | |
| Online Access: | http://acta.bibl.u-szeged.hu/67083 |
| LEADER | 00966naa a2200241 i 4500 | ||
|---|---|---|---|
| 001 | acta67083 | ||
| 005 | 20211124101735.0 | ||
| 008 | 200520s2014 hu o 0|| eng d | ||
| 020 | |a 978-963-306-254-8 | ||
| 022 | |a 2064-4825 | ||
| 040 | |a SZTE Egyetemi Kiadványok Repozitórium |b hun | ||
| 041 | |a eng | ||
| 100 | 1 | |a Barna Gábor | |
| 245 | 1 | 0 | |a Foreword |h [elektronikus dokumentum] / |c Barna Gábor |
| 260 | |c 2014 | ||
| 300 | |a 7-8 | ||
| 490 | 0 | |a A vallási kultúrakutatás könyvei | |
| 490 | 0 | |a Politics, feasts, festivals | |
| 650 | 4 | |a Bölcsészettudományok | |
| 650 | 4 | |a Filozófia, etika és vallástudományok | |
| 695 | |a Ünnep - Közép-Európa - folklór - előszó, Vallásosság - 20. sz. - előszó | ||
| 710 | |a International Society for Ethnology and Folklore : Working group on the ritual year : annual conference (9.) (2013) (Szeged) | ||
| 856 | 4 | 0 | |u http://acta.bibl.u-szeged.hu/67083/1/vallasi_kulturakutatas_konyvei_004_007-008.pdf |z Dokumentum-elérés |